000
00245nam a2200097Ia 4500
001
653849
005
20250826154506.0
008
250824s9999 xx 000 0 und d
245
0
_a
MENEKŞE İSTASYONU
_c
ÖMER AÇIK
260
_b
GÜNIŞIĞI YAYINLARI
999
_c
653849
_d
653849